Associez la peinture à l'artiste - Clic Quiz #2 - Statistiques

Statistiques générales
  • Ce quiz a été pris 16 001 fois
  • Le résultat moyen est 9 sur 20
Statistiques - réponses
Hint Réponse % Correct
Eugène Delacroix
88%
Hokusai
77%
Qiu Ying
72%
René Magritte
69%
Raphaël
60%
Édouard Manet
57%
Vassily Kandinsky
55%
Auguste Renoir
54%
Le Caravage
46%
Francisco de Goya
43%
Jackson Pollock
41%
Jérôme Bosch
36%
Roy Lichtenstein
31%
Georges Seurat
30%
Grant Wood
23%
Georgia O'Keeffe
20%
Henri Rousseau
20%
William Blake
18%
Lucian Freud
17%
James Abbott McNeill Whistler
17%
Aucun quiz correspondant
Distribution des résultats
% des personnes avec chaque résultat
Percentile par nombre de réponses
Votre historique - résultats
Vous n’avez pas pris ce quiz